Vista normal Vista MARC

Entrada Personal Name

Número de registros utilizados en: 1

001 - CONTROL NUMBER

  • control field: 37051

003 - CONTROL NUMBER IDENTIFIER

  • control field: OSt

005 - DATE AND TIME OF LATEST TRANSACTION

  • control field: 20210422130448.0

008 - FIXED-LENGTH DATA ELEMENTS

  • fixed length control field: 210422|| aca||aabn | a|a d

040 ## - CATALOGING SOURCE

  • Original cataloging agency: OSt
  • Transcribing agency: OSt

100 ## - HEADING--PERSONAL NAME

  • Personal name: Lozano Irueste, Jose M.

670 ## - SOURCE DATA FOUND

  • Source citation: Work cat.: (OSt)7695: Musgrave, Richard A., 15181 autor, Hacienda Pública Teórica y Aplicada /, 1992